Plants In Illustration -Hand Book To Flora Of Ceylon (Record no. 584431)

MARC details
000 -LEADER
fixed length control field 00460nam a2200145Ia 4500
008 - FIXED-LENGTH DATA ELEMENTS--GENERAL INFORMATION
fixed length control field 100415s9999 xx 000 0 und d
082 ## - DEWEY DECIMAL CLASSIFICATION NUMBER
Item number 1375
Classification number 580(548)
100 ## - MAIN ENTRY--PERSONAL NAME
Personal name Trimen , Henry
245 ## - TITLE STATEMENT
Title Plants In Illustration -Hand Book To Flora Of Ceylon
260 ## - PUBLICATION, DISTRIBUTION, ETC. (IMPRINT)
Place of publication, distribution, etc LONDON
Date of publication, distribution, etc 1893
Name of publisher, distributor, etc DULAU & CO,
365 ## - TRADE PRICE
Price amount 0
630 ## - SUBJECT ADDED ENTRY--UNIFORM TITLE
Uniform title Plants In Illustration -Hand Book To Flora Of Ceylon
730 ## - ADDED ENTRY--UNIFORM TITLE
Uniform title Plants In Illustration -Hand Book To Flora Of Ceylon
942 ## - ADDED ENTRY ELEMENTS (KOHA)
Koha item type Book
Holdings
Withdrawn status Lost status Damaged status Not for loan Home library Current library Date acquired Cost, normal purchase price Total Checkouts Full call number Barcode Date last seen Price effective from Koha item type
        Bombay Natural History Society Bombay Natural History Society 04/22/1959 0.00   580(548) 1375 BNHS-1375 04/15/2010 04/15/2010 Book